000 00533nam a22001817a 4500
005 20251108173616.0
008 250721s2007 xx 000 0 ara d
020 _a9773392023
082 1 4 _a616.39/عبد
100 1 _aعبد الكافي، إسماعيل عبد الفتاح
245 1 0 _aالسمنة و البدانة /
264 1 _aالقاهرة :
_bالدار الثقافية للنشر،
_c2007.
300 _a111ص
650 1 7 _aالسمنه
650 1 7 _aفرط الوزن
942 _2ddc
_cBK
999 _c108021
_d108021